|
|
|
|
| LEADER |
00000cam a2200000 7i4500 |
| 001 |
0000002672 |
| 005 |
20031027.0 |
| 090 |
0 |
0 |
|a C333.91815
|b INT 2003
|
| 110 |
1 |
0 |
|a INTERNATIONAL Seminar on Wise Use and Sustainable Management of Peatland
|k 2003
|j Thailand
|
| 245 |
1 |
0 |
|a [Papers presented at ... , 9-11 April 2003, Thailand)
|
| 260 |
0 |
0 |
|a (s.l. :
|b s.n.) ,
|c 2003
|
| 300 |
|
|
|a Various pagings :
|b ill. ;
|c 30 cm.
|
| 500 |
0 |
0 |
|a Includes bibliographical references
|
| 650 |
0 |
0 |
|a Peatlands
|x Management
|x Congresses
|
| 998 |
|
|
|a JPSM
|
| 999 |
|
|
|a 0000005052
|b Monograph
|c Conference kit
|e Default branch
|